Word Ladder: Grand Theft Auto Game Quiz Stats

 Plays Quiz Updated Sep 17, 2016

Challenge
Share
Tweet
Embed
Score 0/11 Timer 02:00
1 Play Today
Clue 4-Letter Word % Correct
Steinbeck novel, 'Of ___ and Men'MICE
97.9%
An underground tunnel where minerals can be foundMINE
95.9%
Completely identicalSAME
95%
Reasonable or of sensible mindSANE
93.5%
A trigonometric function often used with right trianglesSINE
92.5%
Australian actress BlanchettCATE
92.1%
✰ A massively populated municipal area ✰✰CITY✰
91.2%
Subdued or domesticatedTAME
91.1%
To quote another supportive source, often in academic workCITE
90.1%
Notable art gallery in LondonTATE
87.8%
✰ Police squad dedicated to preventing gambling and other non-violent crimes ✰✰VICE✰
84.7%

Today's Daily Dose

Missing Word
No Snow!

Word Ladder
Wild Cats

On This Day
December 16th II

You're not logged in!

Compare scores with friends on all Sporcle quizzes.
OR
Log In

You Might Also Like...

Show Comments

Extras

Top Quizzes Today


Score Distribution

Your Account Isn't Verified!

In order to create a playlist on Sporcle, you need to verify the email address you used during registration. Go to your Sporcle Settings to finish the process.

Report this User

Report this user for behavior that violates our Community Guidelines.

Details: